[Event "Pereira Pelaez Memorial"]
[Site "Pereira"]
[Date "2021.06.04"]
[Round "1"]
[White "Cardona, Juan Camilo"]
[Black "Hernandez Pinzon, Helvert"]
[Result "0-1"]
[WhiteElo "1937"]
[BlackElo "1956"]
[PlyCount "48"]
[EventDate "2021.06.04"]
[EventType "swiss"]
[EventRounds "7"]
[EventCountry "COL"]
[SourceTitle "CBM 202 Extra"]
[Source "ChessBase"]
[SourceDate "2021.07.31"]
[SourceVersion "1"]
[SourceVersionDate "2021.07.31"]
[SourceQuality "1"]

1. d4 Nf6 2. Nf3 g6 3. Nc3 Bg7 4. e3 0-0 5. Bc4 d5 6. Bb3 Bg4 7. h3 Bxf3 8. Qxf3 e6 9. 0-0 Nbd7 10. Nb5 a6 11. Nc3 c5 12. Ba4 b5 13. Nxb5 axb5 14. Bxb5 cxd4 15. exd4 Qb6 16. Qb3 Qxd4 17. Be3 Qe5 18. Rae1 Qc7 19. Bg5 Nc5 20. Qc3 Nfe4 21. Qf3 Nxg5 22. Qg4 Nge4 23. b4 h5 24. Qg5 Nxg5 0-1

[Event "Valle Region-ch U20"]
[Site "Cali"]
[Date "2017.02.17"]
[Round "2.6"]
[White "Cardona, Juan Camilo"]
[Black "Ovalle, Nicolas Esteban"]
[Result "0-1"]
[WhiteElo "1961"]
[BlackElo "1616"]
[PlyCount "29"]
[EventDate "2017.02.17"]
[EventType "swiss"]
[EventRounds "7"]
[EventCountry "COL"]
[SourceTitle "EXT 2024"]
[Source "ChessBase"]
[SourceDate "2023.10.10"]
[SourceVersion "1"]
[SourceVersionDate "2023.10.10"]
[SourceQuality "1"]

1. e4 e5 2. Nf3 Nc6 3. Bc4 Nf6 4. c3 Be7 5. d3 d6 6. a4 Be6 7. Nbd2 d5 8. exd5 Nxd5 9. Ne4 f5 10. Neg5 Bg8 11. Qe2 h6 12. Nh3 Qd6 13. b4 Nxc3 14. Qc2 Bxc4 15. dxc4 0-1

[Event "Verano op 2nd"]
[Site "Verano"]
[Date "2009.11.01"]
[Round "3.3"]
[White "Cardona, Juan Camilo"]
[Black "Valencia, Adrian David"]
[Result "1-0"]
[WhiteElo "1978"]
[BlackElo "1911"]
[PlyCount "63"]
[EventDate "2009.10.31"]
[EventType "swiss (rapid)"]
[EventRounds "6"]
[EventCountry "COL"]
[SourceTitle "EXT 2024"]
[Source "ChessBase"]
[SourceDate "2023.10.10"]
[SourceVersion "1"]
[SourceVersionDate "2023.10.10"]
[SourceQuality "1"]

1. e4 c5 2. Nf3 Nc6 3. d4 cxd4 4. Nxd4 e5 5. Nb5 a6 6. Nd6+ Bxd6 7. Qxd6 Qf6 8. Qxf6 Nxf6 9. Nc3 d5 10. exd5 Nb4 11. Bd3 Nxd3+ 12. cxd3 Bf5 13. Ke2 0-0-0 14. Bg5 Nxd5 15. Bxd8 Nf4+ 16. Kf3 Rxd8 17. Rad1 Bxd3 18. g3 Ne6 19. Rhe1 Ng5+ 20. Kg2 e4 21. Rc1 Kb8 22. h4 Nf3 23. Red1 Re8 24. Na4 Be2 25. Rd6 Ne5 26. Nb6 Bf3+ 27. Kg1 Nd3 28. Rc3 Nxb2 29. Nd7+ Ka7 30. Nc5 Nd1 31. Rb3 e3 32. fxe3 1-0

[Event "Valle Region-ch U14"]
[Site "Cali"]
[Date "2009.11.??"]
[Round "1.2"]
[White "Reyes, Juan Felipe"]
[Black "Cardona, Juan Camilo"]
[Result "0-1"]
[WhiteElo "1553"]
[BlackElo "1985"]
[PlyCount "60"]
[EventDate "2009.11.14"]
[EventType "tourn"]
[EventRounds "7"]
[EventCountry "COL"]
[SourceTitle "EXT 2024"]
[Source "ChessBase"]
[SourceDate "2023.10.10"]
[SourceVersion "1"]
[SourceVersionDate "2023.10.10"]
[SourceQuality "1"]

1. e4 c5 2. Nf3 Nc6 3. Nc3 g6 4. Bb5 Bg7 5. d3 e6 6. Bg5 Nge7 7. 0-0 0-0 8. Qe2 Qa5 9. h3 Re8 10. a3 Bxc3 11. bxc3 Qxb5 12. e5 Nf5 13. c4 Qa5 14. Bf6 h6 15. Rab1 b6 16. g4 Ncd4 17. Nxd4 Nxd4 18. Qe3 Kh7 19. h4 Bb7 20. f3 Nxc2 21. Qf4 Qc3 22. Rbc1 Qd4+ 23. Qxd4 Nxd4 24. h5 gxh5 25. gxh5 Rg8+ 26. Kh1 Nxf3 27. Rg1 Nxg1+ 28. Kh2 Rg2+ 29. Kh1 Ne2 30. Re1 Rf2# 0-1

[Event "Verano op 2nd"]
[Site "Verano"]
[Date "2009.10.31"]
[Round "2.2"]
[White "Dominguez, Oscar Alberto"]
[Black "Cardona, Juan Camilo"]
[Result "1/2-1/2"]
[WhiteElo "1755"]
[BlackElo "1978"]
[PlyCount "56"]
[EventDate "2009.10.31"]
[EventType "swiss (rapid)"]
[EventRounds "6"]
[EventCountry "COL"]
[SourceTitle "EXT 2024"]
[Source "ChessBase"]
[SourceDate "2023.10.10"]
[SourceVersion "1"]
[SourceVersionDate "2023.10.10"]
[SourceQuality "1"]

1. e4 e5 2. Nf3 Nc6 3. Bb5 a6 4. Ba4 Nf6 5. 0-0 Be7 6. d4 exd4 7. Re1 0-0 8. e5 Nd5 9. c3 Nb6 10. cxd4 Nxa4 11. Qxa4 d5 12. Nc3 Bf5 13. Qb3 Nb4 14. Re2 Bd3 15. Rd2 a5 16. a3 Bc4 17. Qd1 Nc6 18. b3 Ba6 19. Bb2 Qd7 20. Rc1 Nd8 21. Ne2 Ne6 22. Ng3 Ng5 23. Rdc2 c6 24. a4 Rac8 25. Bc3 b6 26. Bd2 Ne6 27. Nf5 Bd8 28. Nd6 Rc7 1/2-1/2

[Event "Pan American-ch U12"]
[Site "Mar del Plata"]
[Date "2009.08.17"]
[Round "2"]
[White "Cardona, Juan Camilo"]
[Black "De Sousa, Matheus Mazim"]
[Result "0-1"]
[WhiteElo "2000"]
[BlackElo "1817"]
[PlyCount "78"]
[EventDate "2009.08.16"]
[EventType "swiss"]
[EventRounds "9"]
[EventCountry "ARG"]
[SourceTitle "EXT 2022"]
[Source "ChessBase"]
[SourceDate "2021.10.06"]
[SourceVersion "1"]
[SourceVersionDate "2021.10.06"]
[SourceQuality "1"]

1. e4 c5 2. Nf3 Nc6 3. Nc3 d6 4. d4 cxd4 5. Nxd4 Nf6 6. Bg5 e6 7. Qd2 Be7 8. 0-0-0 a6 9. Kb1 h6 10. Bxf6 gxf6 11. g4 Nxd4 12. Qxd4 b5 13. Rg1 Rb8 14. h4 Qb6 15. Ne2 Bd7 16. f3 Rg8 17. Qd2 Qf2 18. Qxh6 Qxf3 19. Qh7 Rxg4 20. Rd3 Qxe4 21. Qh8+ Bf8 22. Rd4 Qxd4 23. Nxd4 Rxg1 24. Qxf6 Bg7 25. Qf3 Bxd4 26. c3 Be5 27. Kc2 Ke7 28. h5 b4 29. c4 b3+ 30. axb3 Rg3 31. Qe4 Rgxb3 32. Bd3 Rxb2+ 33. Kc1 Ra2 34. c5 Ra1+ 35. Kd2 Rb2+ 36. Bc2 Raa2 37. cxd6+ Bxd6 38. Qh4+ f6 39. h6 Rxc2+ 0-1

[Event "Central America Carribean-ch U20"]
[Site "Medellin"]
[Date "2009.08.02"]
[Round "5"]
[White "Martinez Romero, Martin"]
[Black "Cardona, Juan Camilo"]
[Result "1-0"]
[WhiteElo "2135"]
[BlackElo "2000"]
[PlyCount "41"]
[EventDate "2009.07.30"]
[EventType "swiss"]
[EventRounds "9"]
[EventCountry "COL"]
[SourceTitle "CBM 131 Extra"]
[Source "ChessBase"]
[SourceDate "2009.09.03"]
[SourceVersion "2"]
[SourceVersionDate "2009.09.16"]
[SourceQuality "1"]

1. e4 c6 2. Nc3 d5 3. Nf3 dxe4 4. Nxe4 Nf6 5. Nxf6+ exf6 6. Bc4 Bd6 7. 0-0 0-0 8. h3 b5 9. Bb3 a5 10. a4 Na6 11. d4 Nc7 12. axb5 cxb5 13. Qd3 a4 14. Ba2 Re8 15. b4 axb3 16. cxb3 Rb8 17. Bb1 g6 18. Bd2 Bb7 19. Re1 Qd7 20. Nh4 Rxe1+ 21. Bxe1 1-0

[Event "Central America Carribean-ch U20"]
[Site "Medellin"]
[Date "2009.07.31"]
[Round "2"]
[White "Cardona, Juan Camilo"]
[Black "Posada, Jorge M"]
[Result "1/2-1/2"]
[WhiteElo "2000"]
[BlackElo "2015"]
[PlyCount "34"]
[EventDate "2009.07.30"]
[EventType "swiss"]
[EventRounds "9"]
[EventCountry "COL"]
[SourceTitle "CBM 131 Extra"]
[Source "ChessBase"]
[SourceDate "2009.09.03"]
[SourceVersion "2"]
[SourceVersionDate "2009.09.16"]
[SourceQuality "1"]

1. e4 c5 2. Nf3 a6 3. c4 d6 4. d4 cxd4 5. Nxd4 e6 6. Nc3 Nf6 7. Be2 Be7 8. 0-0 0-0 9. Be3 Nbd7 10. Qd2 Qc7 11. f3 b6 12. Rac1 Bb7 13. Rfd1 Rac8 14. Bf1 Rfe8 15. b3 Qb8 16. Nce2 Bf8 17. Kh1 Bc6 1/2-1/2

[Event "COL-ch U12"]
[Site "Bogota"]
[Date "2009.04.06"]
[Round "7.3"]
[White "Diaz Herrera, Leider Andres"]
[Black "Cardona, Juan Camilo"]
[Result "0-1"]
[WhiteElo "2047"]
[BlackElo "1987"]
[PlyCount "158"]
[EventDate "2009.04.03"]
[EventType "swiss"]
[EventRounds "7"]
[EventCountry "COL"]
[SourceTitle "EXT 2024"]
[Source "ChessBase"]
[SourceDate "2023.10.10"]
[SourceVersion "1"]
[SourceVersionDate "2023.10.10"]
[SourceQuality "1"]

1. e4 c5 2. Nf3 Nc6 3. d4 cxd4 4. Nxd4 Nf6 5. Nc3 d6 6. f3 e5 7. Nb3 Be7 8. Be3 0-0 9. Qd2 a5 10. Na4 Be6 11. Nb6 Rb8 12. Nxa5 d5 13. exd5 Bb4 14. c3 Bxa5 15. dxe6 Bxb6 16. exf7+ Kh8 17. Qxd8 Bxd8 18. Bc4 Be7 19. Bb6 Nd7 20. Bf2 Nd8 21. 0-0-0 Nf6 22. Rhe1 b5 23. Bb3 Nxf7 24. Bxf7 Rxf7 25. Rxe5 h6 26. Re6 Rc8 27. a3 Nh5 28. Rde1 Bg5+ 29. Be3 Nf4 30. Bxf4 Bxf4+ 31. Kc2 Bxh2 32. Rb6 Rc5 33. Re4 Rg5 34. Re2 Bg1 35. Rbe6 h5 36. Kb3 g6 37. R6e5 Rff5 38. Re8+ Kg7 39. R8e7+ Kh6 40. Re8 Rg3 41. Rh8+ Kg5 42. Rg8 Rf6 43. Re5+ Kh6 44. Rxb5 Rxg2 45. Rh8+ Kg7 46. Rbb8 Rf2 47. Rbg8+ Kf7 48. Re8 R2xf3 49. Rhf8+ Kg7 50. Rh8 Rf7 51. Reg8+ Kf6 52. Rh6 Rg7 53. Rf8+ Kg5 54. Rxg6+ Rxg6 55. Rxf3 Kg4 56. Rf1 Kh3 57. Kb4 Kg2 58. Rf5 h4 59. Rh5 h3 60. c4 h2 61. Ka5 h1Q 62. Rxh1 Kxh1 63. b4 Kg2 64. Kb5 Kf3 65. c5 Ke4 66. c6 Kd5 67. c7 Rb6+ 68. Ka5 Rc6 69. b5 Rxc7 70. b6 Rb7 71. a4 Bxb6+ 72. Ka6 Rb8 73. Kb5 Bc7+ 74. Ka6 Kc6 75. Ka7 Rb4 76. a5 Ra4 77. a6 Bb6+ 78. Kb8 Rxa6 79. Kc8 Ra8# 0-1

[Event "COL-ch U12"]
[Site "Bogota"]
[Date "2009.04.03"]
[Round "2.5"]
[White "Rueda Fragoso, Edgar Antonio"]
[Black "Cardona, Juan Camilo"]
[Result "0-1"]
[WhiteElo "1993"]
[BlackElo "1987"]
[PlyCount "74"]
[EventDate "2009.04.03"]
[EventType "swiss"]
[EventRounds "7"]
[EventCountry "COL"]
[SourceTitle "EXT 2024"]
[Source "ChessBase"]
[SourceDate "2023.10.10"]
[SourceVersion "1"]
[SourceVersionDate "2023.10.10"]
[SourceQuality "1"]

1. d4 d5 2. c4 c6 3. Nc3 Nf6 4. Bg5 Bf5 5. Nf3 e6 6. e3 Nbd7 7. Be2 Be7 8. 0-0 h6 9. Bf4 0-0 10. h3 Re8 11. c5 b6 12. b4 bxc5 13. bxc5 Qa5 14. Qd2 Bd8 15. Nd1 Ne4 16. Qxa5 Bxa5 17. a4 a6 18. Ra2 f6 19. Nb2 Nc3 20. Ra3 Nxe2+ 21. Kh1 Nxf4 22. exf4 Rab8 23. Nd3 Bxd3 24. Rxd3 e5 25. fxe5 fxe5 26. Nh4 exd4 27. Rxd4 Nxc5 28. Nf5 Ne4 29. f3 Nc3 30. Rg4 Rb1 31. Rxb1 Nxb1 32. Rxg7+ Kf8 33. Rg6 Re1+ 34. Kh2 Nd2 35. Ng3 Bc7 36. f4 Kf7 37. Rxc6 Bxf4 0-1

[Event "Valle U16"]
[Site "Jamundi"]
[Date "2009.03.15"]
[Round "6"]
[White "Rodriguez M, Juan Andres"]
[Black "Cardona, Juan Camilo"]
[Result "0-1"]
[WhiteElo "1870"]
[BlackElo "1977"]
[PlyCount "78"]
[EventDate "2009.03.13"]
[EventType "swiss"]
[EventRounds "7"]
[EventCountry "COL"]
[SourceTitle "EXT 2011"]
[Source "ChessBase"]
[SourceDate "2010.11.26"]
[SourceVersion "1"]
[SourceVersionDate "2010.11.26"]
[SourceQuality "1"]

1. e4 c5 2. d3 Nc6 3. g3 g6 4. Nf3 Bg7 5. Bg2 e6 6. Nbd2 Nge7 7. 0-0 0-0 8. Re1 d6 9. h4 Rb8 10. Nf1 b5 11. c3 b4 12. c4 Qc7 13. Rb1 f5 14. Bh3 fxe4 15. Rxe4 e5 16. Bg2 Bf5 17. Re1 Nd4 18. Nxd4 cxd4 19. Nh2 Qa5 20. Ra1 h6 21. Bd2 Qb6 22. Bc1 Nc6 23. g4 Bd7 24. Rf1 Nd8 25. f4 Ne6 26. fxe5 dxe5 27. Qe2 Bc6 28. Nf3 Qb7 29. Bd2 Rbe8 30. Rae1 Nc5 31. Rf2 e4 32. dxe4 Nxe4 33. Rff1 Ng3 34. Qd3 Nxf1 35. Qxf1 Rxe1 36. Qxe1 Bxf3 37. Bxf3 Qxf3 38. Bxb4 Qxg4+ 39. Kh2 Be5+ 0-1

[Event "Cali op-D"]
[Site "Cali"]
[Date "2008.12.29"]
[Round "7"]
[White "Medina, Alfonso"]
[Black "Cardona, Juan Camilo"]
[Result "0-1"]
[WhiteElo "1428"]
[BlackElo "1989"]
[PlyCount "64"]
[EventDate "2008.12.26"]
[EventType "swiss"]
[EventRounds "9"]
[EventCountry "COL"]
[SourceTitle "EXT 2011"]
[Source "ChessBase"]
[SourceDate "2010.11.26"]
[SourceVersion "1"]
[SourceVersionDate "2010.11.26"]
[SourceQuality "1"]

1. e4 c5 2. Nf3 Nc6 3. d4 cxd4 4. Nxd4 Nf6 5. Nc3 e5 6. Nf3 h6 7. Be2 Bc5 8. 0-0 0-0 9. a3 a5 10. h3 d6 11. Bd2 Be6 12. Bd3 Qe7 13. Qe2 Rac8 14. Be3 Rfd8 15. Rad1 Kh8 16. Bxc5 dxc5 17. Bb5 Nd4 18. Qd3 c4 19. Qe3 Qc5 20. Ba4 Nh5 21. Qc1 Nxf3+ 22. gxf3 Bxh3 23. Rfe1 Qe7 24. Rxd8+ Rxd8 25. Ne2 Qh4 26. Kh2 Bf1+ 27. Kg1 Rd6 28. Kxf1 Qh3+ 29. Kg1 Rg6+ 30. Ng3 Nxg3 31. fxg3 Qxg3+ 32. Kf1 Qg2# 0-1